| 000 | 00557nam a2200145Ia 4500 | ||
|---|---|---|---|
| 008 | 151213s9999 xx 000 0 und d | ||
| 100 | _aআবু তাহের মজুমদার | ||
| 245 |
_aস্মৃতিসুধীর জ্যন্সেনভিল _cআবু তাহের মজুমদার |
||
| 260 |
_aঢাকা _bনবরাগ প্র্র্র্রকাশনী _c2008 |
||
| 300 | _a5247 p. | ||
| 650 | _aCriticism | ||
| 650 | _aEnglish | ||
| 700 | _aআবু তাহের মজুমদার | ||
| 999 |
_c3239 _d3239 |
||